[Event "FICGS class C 000143 email"]
[Site "FICGS email"]
[Date "2010.04.15"]
[Round "1"]
[White "Prie, Eric"]
[Black "Vaast, Jean Philippe"]
[Result "0-1"]
[WhiteElo "1677"]
[BlackElo "1788"]
[PlyCount "36"]
[EventDate "2010.??.??"]
[EventType "tourn (corr)"]
[EventRounds "6"]
[SourceTitle "Corr 2013"]
[Source "ChessBase"]
[SourceDate "2012.11.12"]
[SourceVersion "1"]
[SourceVersionDate "2012.11.12"]
[SourceQuality "1"]

1. e4 c5 2. Nf3 d6 3. d4 cxd4 4. Nxd4 Nf6 5. Nc3 g6 6. Bc4 a6 7. f3 Bg7 8. Be3 Nbd7 9. a4 0-0 10. Qd2 Ne5 11. Bb3 Bd7 12. 0-0 Rc8 13. Kh1 Qc7 14. Qf2 Nc4 15. Bxc4 Qxc4 16. Nde2 b5 17. axb5 axb5 18. b3 Qc6 0-1

[Event "FICGS W-ch st1 g06 email"]
[Site "FICGS email"]
[Date "2009.11.02"]
[Round "1"]
[White "Maceda, Coco"]
[Black "Vaast, Jean Philippe"]
[Result "1-0"]
[WhiteElo "1986"]
[BlackElo "1731"]
[PlyCount "63"]
[EventDate "2009.??.??"]
[EventType "tourn (corr)"]
[EventRounds "8"]
[SourceTitle "Corr 2022"]
[Source "ChessBase"]
[SourceDate "2021.10.24"]
[SourceVersion "1"]
[SourceVersionDate "2021.10.24"]
[SourceQuality "1"]

1. e4 c5 2. Nf3 d6 3. d4 cxd4 4. Nxd4 Nf6 5. Nc3 g6 6. Be3 Bg7 7. f3 a6 8. Qd2 Nbd7 9. Bc4 b5 10. Bb3 Bb7 11. 0-0 Nc5 12. a3 e5 13. Nde2 Nxb3 14. cxb3 d5 15. exd5 Nxd5 16. Bc5 Ne7 17. Rad1 Qxd2 18. Rxd2 Bh6 19. Rd3 f5 20. Rfd1 Bc6 21. Bd6 e4 22. fxe4 fxe4 23. Rh3 Bg7 24. Nf4 Nf5 25. Ne6 Kd7 26. Nxg7 Nxd6 27. Nf5 gxf5 28. Rh6 Kc7 29. Rdxd6 Bb7 30. Nd5+ Bxd5 31. Rxd5 Rhf8 32. Rc5+ 1-0

[Event "FICGS W-ch st1 g06 email"]
[Site "FICGS email"]
[Date "2009.11.02"]
[Round "1"]
[White "Vaast, Jean Philippe"]
[Black "Kirk, Matthew"]
[Result "1-0"]
[WhiteElo "1731"]
[BlackElo "1500"]
[PlyCount "37"]
[EventDate "2009.??.??"]
[EventType "tourn (corr)"]
[EventRounds "8"]
[SourceTitle "Corr 2022"]
[Source "ChessBase"]
[SourceDate "2021.10.24"]
[SourceVersion "1"]
[SourceVersionDate "2021.10.24"]
[SourceQuality "1"]

1. c4 b6 2. Nc3 e6 3. e4 Bb7 4. Nf3 Ne7 5. d4 d6 6. d5 f5 7. dxe6 fxe4 8. Ng5 Qc8 9. Nf7 Qxe6 10. Nxh8 Qg8 11. Nb5 Nbc6 12. Nxc7+ Kd7 13. Nxa8 Bxa8 14. Bf4 Nc8 15. Qd5 Qxh8 16. Be2 Ke7 17. Bg4 g6 18. Qe6+ Kd8 19. Qd7# 1-0

[Event "FICGS class C 000125 email"]
[Site "FICGS email"]
[Date "2009.10.01"]
[Round "1"]
[White "Price, Eric A Sr"]
[Black "Vaast, Jean Philippe"]
[Result "0-1"]
[WhiteElo "1629"]
[BlackElo "1800"]
[PlyCount "58"]
[EventDate "2009.??.??"]
[EventType "tourn (corr)"]
[EventRounds "4"]
[SourceTitle "Corr 2022"]
[Source "ChessBase"]
[SourceDate "2021.10.24"]
[SourceVersion "1"]
[SourceVersionDate "2021.10.24"]
[SourceQuality "1"]

1. e4 c5 2. Nf3 Nc6 3. d4 cxd4 4. Nxd4 Nf6 5. Nc3 e5 6. Ndb5 d6 7. Bg5 a6 8. Na3 b5 9. Nd5 Be7 10. Bxf6 Bxf6 11. c3 0-0 12. Nc2 Bg5 13. a4 bxa4 14. Rxa4 Ne7 15. h4 Bh6 16. g4 Nxd5 17. exd5 Bf4 18. Nb4 a5 19. Nc6 Qb6 20. Ne7+ Kh8 21. b4 Qb7 22. Nc6 axb4 23. Rxb4 Qc7 24. f3 f5 25. Rg1 fxg4 26. fxg4 Be3 27. Rg2 Qf7 28. Ke2 Qf3+ 29. Kd3 Qxd1+ 0-1

[Event "FICGS class C 000125 email"]
[Site "FICGS email"]
[Date "2009.10.01"]
[Round "1"]
[White "Vaast, Jean Philippe"]
[Black "Farahmi, Andi"]
[Result "1-0"]
[WhiteElo "1800"]
[BlackElo "1800"]
[PlyCount "21"]
[EventDate "2009.??.??"]
[EventType "tourn (corr)"]
[EventRounds "4"]
[SourceTitle "Corr 2022"]
[Source "ChessBase"]
[SourceDate "2021.10.24"]
[SourceVersion "1"]
[SourceVersionDate "2021.10.24"]
[SourceQuality "1"]

1. c4 e5 2. g3 Nf6 3. Bg2 d5 4. cxd5 Nxd5 5. Nf3 Nc6 6. 0-0 f6 7. d4 Nb6 8. dxe5 Qxd1 9. Rxd1 fxe5 10. Nc3 Be7 11. Nb5 1-0

[Event "FICGS theme 0000 email"]
[Site "FICGS email"]
[Date "2009.09.26"]
[Round "1"]
[White "Vaast, Jean Philippe"]
[Black "Ellis, Maurice"]
[Result "1-0"]
[WhiteElo "1800"]
[BlackElo "1800"]
[PlyCount "57"]
[EventDate "2009.??.??"]
[EventType "swiss (corr)"]
[EventRounds "1"]
[SourceTitle "Corr 2022"]
[Source "ChessBase"]
[SourceDate "2021.10.24"]
[SourceVersion "1"]
[SourceVersionDate "2021.10.24"]
[SourceQuality "1"]

1. d4 f5 2. e4 fxe4 3. Nc3 Nf6 4. g4 h6 5. f3 d5 6. h3 e6 7. Bg2 c5 8. fxe4 cxd4 9. Qxd4 Nc6 10. Qa4 Bb4 11. Bd2 Bd7 12. 0-0-0 a5 13. Nb5 Na7 14. Bxb4 Nxb5 15. Ba3 Nc3 16. Qd4 Nxd1 17. exd5 Bc6 18. Ne2 Bxd5 19. Bxd5 Qxd5 20. Rxd1 Qxd4 21. Nxd4 0-0-0 22. Nxe6 Rxd1+ 23. Kxd1 g5 24. Kd2 Ne4+ 25. Ke3 Re8 26. Ng7 Rg8 27. Nf5 Re8 28. Ne7+ Kd8 29. Kxe4 1-0

[Event "FICGS theme 0000 email"]
[Site "FICGS email"]
[Date "2009.09.26"]
[Round "1"]
[White "Vaast, Jean Philippe"]
[Black "Parmet, Daniel Edward"]
[Result "1/2-1/2"]
[WhiteElo "1800"]
[BlackElo "1962"]
[PlyCount "42"]
[EventDate "2009.??.??"]
[EventType "swiss (corr)"]
[EventRounds "1"]
[SourceTitle "Corr 2022"]
[Source "ChessBase"]
[SourceDate "2021.10.24"]
[SourceVersion "1"]
[SourceVersionDate "2021.10.24"]
[SourceQuality "1"]

1. d4 f5 2. Bg5 h6 3. Bh4 g5 4. e4 Bg7 5. Bg3 fxe4 6. Nc3 d5 7. f3 Nf6 8. fxe4 dxe4 9. Bc4 Bg4 10. Nge2 Nc6 11. 0-0 Qd7 12. d5 Na5 13. Bb5 c6 14. dxc6 Nxc6 15. h3 Qxd1 16. Raxd1 Bd7 17. Bxc6 Bxc6 18. Be5 0-0 19. Nd4 Rac8 20. Rd2 Bd7 21. Re1 Rc5 1/2-1/2

[Event "FICGS class C 000086 email"]
[Site "FICGS email"]
[Date "2009.09.20"]
[Round "1"]
[White "Migliorini, Roberto"]
[Black "Vaast, Jean Philippe"]
[Result "1/2-1/2"]
[WhiteElo "1982"]
[BlackElo "1800"]
[PlyCount "65"]
[EventDate "2009.??.??"]
[EventType "tourn (corr)"]
[EventRounds "1"]
[SourceTitle "Corr 2022"]
[Source "ChessBase"]
[SourceDate "2021.10.24"]
[SourceVersion "1"]
[SourceVersionDate "2021.10.24"]
[SourceQuality "1"]

1. Nf3 f5 2. g3 Nf6 3. Bg2 e6 4. d4 Be7 5. c4 0-0 6. 0-0 d6 7. Nc3 Qe8 8. Re1 Qg6 9. e4 fxe4 10. Nxe4 Nxe4 11. Rxe4 Nc6 12. Qe2 Bf6 13. Bd2 e5 14. dxe5 Nxe5 15. Nxe5 Bxe5 16. Bc3 Bxc3 17. bxc3 c6 18. Re7 Qf6 19. Rd1 Rb8 20. Qe3 Bf5 21. Re1 a6 22. c5 d5 23. Qd4 Qxd4 24. cxd4 Rf7 25. R7e5 g6 26. h3 Kg7 27. R1e3 b6 28. Rb3 b5 29. Ra3 Ra8 30. Ra5 h5 31. h4 Raa7 32. f4 Ra8 33. Re3 1/2-1/2

[Event "FICGS class C 000124 email"]
[Site "FICGS email"]
[Date "2009.09.11"]
[Round "1"]
[White "Hale, David"]
[Black "Vaast, Jean Philippe"]
[Result "0-1"]
[WhiteElo "1600"]
[BlackElo "1800"]
[PlyCount "22"]
[EventDate "2009.??.??"]
[EventType "tourn (corr)"]
[EventRounds "4"]
[SourceTitle "Corr 2022"]
[Source "ChessBase"]
[SourceDate "2021.10.24"]
[SourceVersion "1"]
[SourceVersionDate "2021.10.24"]
[SourceQuality "1"]

1. d4 f5 2. Nf3 Nf6 3. c4 e6 4. Bg5 Be7 5. e3 0-0 6. Bd3 b6 7. Nbd2 Bb7 8. 0-0 c5 9. Qc2 Nc6 10. Rac1 h6 11. Bh4 cxd4 0-1

[Event "FICGS class C 000124 email"]
[Site "FICGS email"]
[Date "2009.09.11"]
[Round "1"]
[White "Taleno, David"]
[Black "Vaast, Jean Philippe"]
[Result "0-1"]
[WhiteElo "1800"]
[BlackElo "1800"]
[PlyCount "66"]
[EventDate "2009.??.??"]
[EventType "tourn (corr)"]
[EventRounds "4"]
[SourceTitle "Corr 2022"]
[Source "ChessBase"]
[SourceDate "2021.10.24"]
[SourceVersion "1"]
[SourceVersionDate "2021.10.24"]
[SourceQuality "1"]

1. Nf3 f5 2. d4 e6 3. c4 Nf6 4. Bf4 Be7 5. e3 0-0 6. Nc3 d6 7. Bd3 Nh5 8. Bc2 Nc6 9. d5 Nb4 10. dxe6 Nxc2+ 11. Qxc2 Bxe6 12. Ne2 g5 13. Bg3 c6 14. Nfd4 Qa5+ 15. Kf1 Bd7 16. b4 Qa6 17. b5 Qa3 18. Re1 c5 19. Nf3 a6 20. b6 Rae8 21. Rd1 Ba4 22. Qd3 Qb2 23. Rd2 Qa1+ 24. Ne1 f4 25. exf4 gxf4 26. Qd5+ Rf7 27. Qxh5 fxg3 28. hxg3 Bf6 29. Qd5 Bc6 30. Qd3 Bd4 31. f4 Re3 32. Qc2 Rfe7 33. Rh2 Bxg2+ 0-1

[Event "FICGS class C 000085 email"]
[Site "FICGS email"]
[Date "2009.09.09"]
[Round "1"]
[White "Vaast, Jean Philippe"]
[Black "Block, Benjamin"]
[Result "1-0"]
[WhiteElo "1800"]
[BlackElo "1856"]
[PlyCount "73"]
[EventDate "2009.??.??"]
[EventType "tourn (corr)"]
[EventRounds "1"]
[SourceTitle "Corr 2022"]
[Source "ChessBase"]
[SourceDate "2021.10.24"]
[SourceVersion "1"]
[SourceVersionDate "2021.10.24"]
[SourceQuality "1"]

1. c4 e5 2. g3 Nf6 3. Bg2 c6 4. d4 exd4 5. Qxd4 d5 6. cxd5 cxd5 7. Nf3 Nc6 8. Qa4 Bb4+ 9. Bd2 Bxd2+ 10. Nbxd2 0-0 11. 0-0 Qb6 12. Qb3 Re8 13. e3 Bg4 14. Qxb6 axb6 15. Rfc1 h6 16. Nb3 Rac8 17. h3 Bxf3 18. Bxf3 Ne5 19. Be2 Ne4 20. Kg2 g6 21. Rab1 Kg7 22. Rd1 Nf6 23. Bb5 Rg8 24. a4 Rc2 25. Nd4 Rc5 26. f3 Rgc8 27. g4 Ne8 28. Kf2 Nc7 29. Be2 Kf6 30. h4 Nc6 31. f4 Ra8 32. Nxc6 Rxc6 33. Rd4 Ra5 34. Bd1 Kg7 35. h5 gxh5 36. gxh5 Rcc5 37. b4 1-0

[Event "Reunion op 10th"]
[Site "St Denis"]
[Date "2008.10.16"]
[Round "7"]
[White "Thim Siong, Matthieu"]
[Black "Vaast, Jean Philippe"]
[Result "1/2-1/2"]
[WhiteElo "1399"]
[BlackElo "1770"]
[PlyCount "127"]
[EventDate "2008.10.11"]
[EventType "swiss"]
[EventRounds "9"]
[EventCountry "RUF"]
[SourceTitle "EXT 2009"]
[Source "ChessBase"]
[SourceDate "2008.11.26"]
[SourceVersion "1"]
[SourceVersionDate "2008.11.26"]
[SourceQuality "1"]

1. g3 d5 2. Bg2 e5 3. d3 Nf6 4. Bg5 Be7 5. Nf3 Nc6 6. Nbd2 0-0 7. 0-0 Be6 8. c3 Re8 9. Re1 Rb8 10. a4 Nd7 11. Bxe7 Qxe7 12. Nb3 Nf6 13. Ng5 Red8 14. Nxe6 Qxe6 15. Qc2 Ne7 16. Rad1 b6 17. d4 e4 18. e3 c6 19. Nd2 Re8 20. b4 Rbc8 21. Nb3 Nd7 22. Bf1 c5 23. bxc5 bxc5 24. Bb5 cxd4 25. Nxd4 Qd6 26. Rb1 Red8 27. Nb3 Rc7 28. Rec1 Rdc8 29. Qb2 Ne5 30. Nd2 Qf6 31. Nf1 Nf3+ 32. Kg2 Rxc3 33. Rxc3 Qxc3 34. Qxc3 Rxc3 35. Be2 Ne5 36. Rb8+ Rc8 37. Rxc8+ Nxc8 38. Nd2 f6 39. f3 exf3+ 40. Bxf3 Nxf3 41. Kxf3 Kf7 42. e4 Ke6 43. Ke3 Ke5 44. Nf3+ Kd6 45. Nd4 a6 46. Nf5+ Ke5 47. Nxg7 Nb6 48. exd5 Kxd5 49. Nh5 Ke5 50. Kd3 Nxa4 51. Kc4 Kf5 52. h3 Nb2+ 53. Kb4 Nd3+ 54. Ka5 Nf2 55. h4 Ng4 56. Kxa6 h6 57. Kb5 Ne5 58. Kc5 Kg4 59. Nxf6+ Kxg3 60. h5 Ng4 61. Ne4+ Kh4 62. Kd4 Kxh5 63. Ng3+ Kg5 64. Ke4 1/2-1/2

[Event "Reunion op 10th"]
[Site "St Denis"]
[Date "2008.10.15"]
[Round "5"]
[White "Rivolo, Jean Guillaume"]
[Black "Vaast, Jean Philippe"]
[Result "0-1"]
[WhiteElo "1340"]
[BlackElo "1770"]
[PlyCount "106"]
[EventDate "2008.10.11"]
[EventType "swiss"]
[EventRounds "9"]
[EventCountry "RUF"]
[SourceTitle "EXT 2009"]
[Source "ChessBase"]
[SourceDate "2008.11.26"]
[SourceVersion "1"]
[SourceVersionDate "2008.11.26"]
[SourceQuality "1"]

1. d4 e5 2. dxe5 Nc6 3. Nf3 Qe7 4. Bf4 Qb4+ 5. Bd2 Qxb2 6. Nc3 Bb4 7. Rb1 Qa3 8. Nb5 Bxd2+ 9. Nxd2 Qa5 10. e3 a6 11. Nd4 Qxe5 12. Nxc6 dxc6 13. Be2 Nf6 14. 0-0 0-0 15. Nf3 Qe7 16. Bd3 b6 17. Qe2 a5 18. Rfd1 Bg4 19. e4 Rfe8 20. Re1 Rad8 21. Rbd1 Nd7 22. Qe3 Nc5 23. Rd2 Nxd3 24. Rxd3 Rxd3 25. cxd3 Bxf3 26. Qxf3 Qe5 27. Qd1 Rd8 28. Qc2 c5 29. Rd1 Qd4 30. Rc1 Qxd3 31. Qxd3 Rxd3 32. f3 Rd2 33. Rc3 Kf8 34. a4 Rd4 35. Ra3 Ke7 36. Kf2 Ke6 37. Kg3 Ke5 38. Kg4 Rd2 39. Kg3 Kd4 40. h4 c4 41. Kh3 c3 42. g3 c2 43. Ra2 c1Q 44. Rxd2+ Qxd2 45. Kg4 g6 46. f4 Kxe4 47. h5 Qe2+ 48. Kh3 Qxh5+ 49. Kg2 f5 50. Kf2 Qf3+ 51. Kg1 Qe2 52. g4 Kf3 53. gxf5 Qg2# 0-1

[Event "Sainte Marie op"]
[Site "Sainte Marie"]
[Date "2005.10.23"]
[Round "9"]
[White "Hansch, Klaus Michael"]
[Black "Vaast, Jean Philippe"]
[Result "1-0"]
[WhiteElo "2016"]
[BlackElo "1640"]
[PlyCount "37"]
[EventDate "2005.10.15"]
[EventType "swiss"]
[EventRounds "9"]
[EventCountry "FRA"]
[SourceTitle "EXT 2006"]
[Source "ChessBase"]
[SourceDate "2005.11.24"]
[SourceVersion "1"]
[SourceVersionDate "2005.11.24"]
[SourceQuality "1"]

1. d4 d5 2. Nc3 g6 3. Bf4 Bg7 4. e3 Nf6 5. Be2 0-0 6. Nf3 Nbd7 7. h3 a6 8. Bd3 b6 9. e4 dxe4 10. Nxe4 Bb7 11. Nxf6+ Nxf6 12. c3 Rc8 13. Qe2 a5 14. 0-0 e6 15. Ne5 Re8 16. Rfe1 c6 17. Bg5 Qd6 18. Qf3 Qd8 19. Ng4 1-0

[Event "Sainte Marie op"]
[Site "Sainte Marie"]
[Date "2005.10.21"]
[Round "7"]
[White "Benke, Martin"]
[Black "Vaast, Jean Philippe"]
[Result "1-0"]
[WhiteElo "1910"]
[BlackElo "1520"]
[PlyCount "54"]
[EventDate "2005.10.15"]
[EventType "swiss"]
[EventRounds "9"]
[EventCountry "FRA"]
[SourceTitle "EXT 2006"]
[Source "ChessBase"]
[SourceDate "2005.11.24"]
[SourceVersion "1"]
[SourceVersionDate "2005.11.24"]
[SourceQuality "1"]

1. d4 e6 2. c4 Nf6 3. Nc3 d5 4. Bg5 Be7 5. e3 0-0 6. Nf3 a6 7. cxd5 Nxd5 8. Bxe7 Nxe7 9. Bd3 Nbc6 10. Rc1 Nb4 11. Bb1 b5 12. a3 Nbd5 13. Qd3 g6 14. h4 f5 15. h5 Bb7 16. Ng5 Qd6 17. Ne2 h6 18. Nf3 g5 19. Ne5 Nf6 20. f3 Rac8 21. b4 Kg7 22. Kf2 Rh8 23. g4 fxg4 24. e4 gxf3 25. Ng3 g4 26. Qe3 Kh7 27. Nf7 Nf5 1-0

[Event "Sainte Marie op"]
[Site "Sainte Marie"]
[Date "2005.10.17"]
[Round "3"]
[White "Hansch, Klaus Michael"]
[Black "Vaast, Jean Philippe"]
[Result "1-0"]
[WhiteElo "2016"]
[BlackElo "1520"]
[PlyCount "79"]
[EventDate "2005.10.15"]
[EventType "swiss"]
[EventRounds "9"]
[EventCountry "FRA"]
[SourceTitle "EXT 2006"]
[Source "ChessBase"]
[SourceDate "2005.11.24"]
[SourceVersion "1"]
[SourceVersionDate "2005.11.24"]
[SourceQuality "1"]

1. d4 e6 2. Nc3 Nf6 3. Bg5 d5 4. e3 Be7 5. Bd3 0-0 6. f4 c5 7. Nf3 c4 8. Be2 Nbd7 9. 0-0 Re8 10. a3 a6 11. Ne5 Ne4 12. Bxe7 Nxc3 13. Bxd8 Nxd1 14. Raxd1 Rxd8 15. c3 Nf6 16. Bf3 Ne4 17. Bxe4 dxe4 18. Nxc4 Rb8 19. Nb6 Bd7 20. Nxd7 Rxd7 21. Rd2 Rc8 22. Rc1 b5 23. Rdc2 Rdc7 24. b3 f5 25. c4 Kf7 26. Kf2 Kf6 27. Ke2 g5 28. g3 h5 29. Kd2 h4 30. cxb5 Rxc2+ 31. Rxc2 Rxc2+ 32. Kxc2 axb5 33. a4 bxa4 34. bxa4 Kg6 35. Kd2 Kh5 36. Ke2 Kg4 37. fxg5 Kxg5 38. a5 Kg4 39. gxh4 Kxh4 40. a6 1-0

[Event "Champigny sur Marne op"]
[Site "Champigny sur Marne"]
[Date "2005.03.??"]
[Round "4"]
[White "Vaast, Jean Philippe"]
[Black "Cotting, Rene Yves"]
[Result "1-0"]
[WhiteElo "1480"]
[BlackElo "1390"]
[PlyCount "57"]
[EventDate "2005.03.??"]
[EventType "swiss"]
[EventRounds "7"]
[EventCountry "FRA"]
[SourceTitle "EXT 2007"]
[Source "ChessBase"]
[SourceDate "2006.11.23"]
[SourceVersion "1"]
[SourceVersionDate "2006.11.23"]
[SourceQuality "1"]

1. b4 e5 2. Bb2 b5 3. Bxe5 Bxb4 4. Bxg7 Nf6 5. Bxh8 Nc6 6. e3 Ba6 7. Qf3 Be7 8. Bg7 Ne5 9. Qf5 Ng6 10. Nf3 d6 11. Bxb5+ Bxb5 12. Qxb5+ Qd7 13. Qxd7+ Kxd7 14. Nc3 Ne8 15. Bh6 Bf6 16. Rb1 Bd8 17. 0-0 Nf6 18. Bg5 Ne8 19. Bxd8 Kxd8 20. Ng5 Ke7 21. Nd5+ Kd7 22. Nxh7 c6 23. Rb7+ Ke6 24. Nc7+ Nxc7 25. Rxc7 c5 26. Ng5+ Kf6 27. f4 Ne7 28. Rb1 Rf8 29. Nh7+ 1-0

[Event "Reunion op 07th"]
[Site "Reunion"]
[Date "2004.10.14"]
[Round "7"]
[White "Vaast, Jean Philippe"]
[Black "Nativel, Fabrice"]
[Result "1/2-1/2"]
[WhiteElo "1550"]
[BlackElo "1440"]
[PlyCount "34"]
[EventDate "2004.10.09"]
[EventType "swiss"]
[EventRounds "9"]
[EventCountry "RUF"]
[SourceTitle "CBM 102 Extra"]
[Source "ChessBase"]
[SourceDate "2004.11.03"]
[SourceVersion "1"]
[SourceVersionDate "2004.11.03"]
[SourceQuality "1"]

1. b4 d6 2. Bb2 Nd7 3. c4 Ngf6 4. e3 g6 5. Nf3 Bg7 6. Be2 0-0 7. 0-0 a6 8. a4 c5 9. b5 b6 10. Qc2 Bb7 11. Nc3 a5 12. Rad1 e5 13. Ng5 h6 14. Nge4 Qe7 15. Bf3 Rab8 16. Nxf6+ Nxf6 17. Bxb7 Qxb7 1/2-1/2

[Event "FRA-chT 9900"]
[Site "France"]
[Date "2000.05.01"]
[Round "11.9"]
[White "Guadalpi, Gerard"]
[Black "Vaast, Jean Philippe"]
[Result "1-0"]
[WhiteElo "2000"]
[BlackElo "1570"]
[PlyCount "63"]
[EventDate "1999.02.04"]
[EventType "team"]
[EventRounds "11"]
[EventCountry "FRA"]
[SourceTitle "EXT 2001"]
[Source "ChessBase"]
[SourceDate "2000.11.22"]
[SourceVersion "1"]
[SourceVersionDate "2000.11.22"]
[SourceQuality "1"]

1. d4 Nf6 2. Nf3 d6 3. Nc3 c6 4. e4 Nbd7 5. h3 e5 6. dxe5 dxe5 7. Bc4 Be7 8. 0-0 0-0 9. Qe2 b5 10. Bb3 Nc5 11. Nxe5 Nxb3 12. axb3 Qc7 13. Nd3 a5 14. b4 Bb7 15. Bf4 Qd8 16. Rfd1 a4 17. Nc5 Qb6 18. e5 Nd5 19. Nxd5 cxd5 20. Nd7 Qg6 21. Nxf8 Bxf8 22. Rd4 Rc8 23. c3 Rc4 24. Bg3 Qc6 25. Qd2 Be7 26. Kh2 Qe6 27. Rd1 Rxd4 28. Qxd4 Bd8 29. Qc5 Bc6 30. Qd6 Qc8 31. Re1 Qb7 32. Qxd8+ 1-0

[Event "FRA-chT 9900"]
[Site "France"]
[Date "2000.04.30"]
[Round "10.9"]
[White "Vaast, Jean Philippe"]
[Black "Gaudron, Fanny"]
[Result "0-1"]
[WhiteElo "1570"]
[BlackElo "1950"]
[PlyCount "32"]
[EventDate "1999.02.04"]
[EventType "team"]
[EventRounds "11"]
[EventCountry "FRA"]
[SourceTitle "EXT 2001"]
[Source "ChessBase"]
[SourceDate "2000.11.22"]
[SourceVersion "1"]
[SourceVersionDate "2000.11.22"]
[SourceQuality "1"]

1. b4 a5 2. b5 b6 3. Bb2 Bb7 4. e3 Nf6 5. Nf3 g6 6. c4 Bg7 7. Be2 0-0 8. 0-0 c6 9. a4 Qc7 10. g3 d5 11. Na3 Nbd7 12. Rc1 c5 13. d4 Ne4 14. Nd2 Ng5 15. Rc2 dxc4 16. Ndxc4 Nh3# 0-1

[Event "FRA-chT 9900"]
[Site "France"]
[Date "2000.03.30"]
[Round "4.9"]
[White "Muller, Veronique"]
[Black "Vaast, Jean Philippe"]
[Result "1-0"]
[WhiteElo "1970"]
[BlackElo "1570"]
[PlyCount "57"]
[EventDate "1999.02.04"]
[EventType "team"]
[EventRounds "11"]
[EventCountry "FRA"]
[SourceTitle "EXT 2001"]
[Source "ChessBase"]
[SourceDate "2000.11.22"]
[SourceVersion "1"]
[SourceVersionDate "2000.11.22"]
[SourceQuality "1"]

1. e4 e6 2. d4 d5 3. Nd2 c5 4. exd5 exd5 5. Bb5+ Nc6 6. Ngf3 Nf6 7. 0-0 Qb6 8. Qe2+ Be7 9. dxc5 Qxc5 10. Nb3 Qd6 11. Re1 Ne4 12. Nbd4 a6 13. Nxc6 bxc6 14. Bd3 f5 15. c4 0-0 16. cxd5 cxd5 17. Be3 Bf6 18. Bd4 Bd7 19. Rac1 Rfc8 20. h3 a5 21. b3 Rxc1 22. Rxc1 Re8 23. Qb2 Rc8 24. Rxc8+ Bxc8 25. Bxf6 gxf6 26. Qd4 Kf7 27. Qa7+ Ke6 28. Qxa5 Qc6 29. Nd4+ 1-0